000
00310nam a2200121Ia 4500
008
190216s9999||||xx |||||||||||||| ||und||
100
_a
Jain S P & Narang K L
245
0
_a
Practical Problems In Advance Accountancy
260
_b
Kalyani Publisher
_c
2010
300
_a
773
650
_a
Commerce
942
_c
BK
999
_c
7626
_d
7626